Catálogo
 En Linea

Para sistematizar experiencias / (Registro nro. 6271)

Detalles MARC
000 -CABECERA
campo de control de longitud fija 00889nam a2200253 a 4500
001 - NÚMERO DE CONTROL
campo de control 000006480
005 - FECHA Y HORA DE LA ÚLTIMA TRANSACCIÓN
campo de control 20200929153932.0
008 - DATOS DE LONGITUD FIJA--INFORMACIÓN GENERAL
campo de control de longitud fija 090831s1994 cr a 000 0 spa d
020 ## - NÚMERO INTERNACIONAL ESTÁNDAR DEL LIBRO
Número Internacional Estándar del Libro 9977926182
040 ## - FUENTE DE LA CATALOGACIÓN
Centro catalogador/agencia de origen DO-SdBNP
Lengua de catalogación spa
Centro/agencia transcriptor BNPHU
082 ## - NÚMERO DE LA CLASIFICACIÓN DECIMAL DEWEY
Número de clasificación 001.2
Número de documento/Ítem J37p
100 1# - ENTRADA PRINCIPAL--NOMBRE DE PERSONA
Nombre de persona Jara H., Oscar,
Fechas asociadas al nombre 1949-
9 (RLIN) 17949
245 10 - MENCIÓN DE TÍTULO
Título Para sistematizar experiencias /
Mención de responsabilidad, etc. Oscar Jara H.
246 15 - FORMA VARIANTE DE TÍTULO
Título propio/Titulo breve Propuesta teórica y práctica
260 ## - PUBLICACIÓN, DISTRIBUCIÓN, ETC.
Lugar de publicación, distribución, etc. San José, Costa Rica :
Nombre del editor, distribuidor, etc. ALFORJA,
Fecha de publicación, distribución, etc. 1994.
300 ## - DESCRIPCIÓN FÍSICA
Extensión 243 P. :
Otras características físicas il. ;
Dimensiones 21 cm.
504 ## - NOTA DE BIBLIOGRAFÍA, ETC.
Nota de bibliografía, etc. Incluye datos biográficos del autor en la contracubierta
504 ## - NOTA DE BIBLIOGRAFÍA, ETC.
Nota de bibliografía, etc. Incluye referencias bibliográficas y notas al pie de las páginas
504 ## - NOTA DE BIBLIOGRAFÍA, ETC.
Nota de bibliografía, etc. Bibliografía: p. 237-243
590 ## - NOTA LOCAL (RLIN)
Nota local Inventariado,2018 /DG
650 #4 - PUNTO DE ACCESO ADICIONAL DE MATERIA--TÉRMINO DE MATERIA
Término de materia o nombre geográfico como elemento de entrada Aprendizaje experimental
9 (RLIN) 17950
650 #4 - PUNTO DE ACCESO ADICIONAL DE MATERIA--TÉRMINO DE MATERIA
Término de materia o nombre geográfico como elemento de entrada Categorizacion (psicología)
9 (RLIN) 17951
910 ## - DATOS DE OPCIÓN DEL USUARIO (OCLC)
Datos de opción del usuario Validado. Control de calidad MFF
Existencias
Estado de retiro Estado de pérdida Restricciones de uso No para préstamo Código de colección Localización permanente Ubicación/localización actual Ubicación en estantería Fecha de adquisición Número de inventario Total de préstamos Signatura topográfica completa Código de barras Fecha visto por última vez Precio válido a partir de Tipo de ítem Koha Número de copia
        Monografías: Libros y Folletos General General Depósito 31.08.2009 LF1   001.2 J37p 6480-10 25.06.2020 25.06.2020 Préstamo en sala  
    Préstamo restringido Préstamo restrigido Monografías: Libros y Folletos General General Depósito 31.08.2009 LF1   001.2 J37p 6480-20 25.06.2020 25.06.2020 Préstamo en sala e. 2
        Monografías: Libros y Folletos General General Depósito 02.10.2012 LF1   001.2 J37p 6480-30 25.06.2020 25.06.2020 Préstamo en sala e. 3

Con tecnología Koha